Fr. Conceicao Rodrigues College of Engineering

Let us Java (Record no. 19047)

MARC details
000 -LEADER
fixed length control field 00308nam a2200169Ia 4500
082 ## - DEWEY DECIMAL CLASSIFICATION NUMBER
Item number KAN
100 ## - MAIN ENTRY--PERSONAL NAME
Personal name Kanetkar/ Yashavant
245 ## - TITLE STATEMENT
Title Let us Java
260 ## - PUBLICATION, DISTRIBUTION, ETC.
Name of publisher, distributor, etc. BPB
Date of publication, distribution, etc. 2021
366 ## - TRADE AVAILABILITY INFORMATION
Publishers's discount category 20
300 ## - PHYSICAL DESCRIPTION
Extent 468
546 ## - LANGUAGE NOTE
Language note ENGLISH
650 ## - SUBJECT ADDED ENTRY--TOPICAL TERM
Topical term or geographic name entry element Java
654 ## - SUBJECT ADDED ENTRY--FACETED TOPICAL TERMS
Focus term java
942 ## - ADDED ENTRY ELEMENTS (KOHA)
Koha item type BOOK
Holdings
Withdrawn status Lost status Damaged status Not for loan Collection Home library Current library Date acquired Source of acquisition Cost, normal purchase price Total Checkouts Full call number Barcode Date last seen Date last checked out Cost, replacement price Price effective from Koha item type Total Renewals
        CRC Fr. Agnel's C.Rodrigues College of Engineering AGNEL TECHNICAL COLLEGE LIBRARY 17/03/2023 Allied Publishers 264.00 2 KAN 25777 09/01/2026 09/10/2025 330.00   BOOK  
        CRC Fr. Agnel's C.Rodrigues College of Engineering AGNEL TECHNICAL COLLEGE LIBRARY 17/03/2023 Allied Publishers 264.00 3 KAN 25778 11/09/2025 15/04/2025 330.00   BOOK  
        CRC Fr. Agnel's C.Rodrigues College of Engineering AGNEL TECHNICAL COLLEGE LIBRARY 17/03/2023 Allied Publishers 264.00 4 KAN 25779 28/11/2025 07/08/2025 330.00   BOOK 2